000 00641nam a2200181Ia 4500
008 100921s9999 xx 000 0 und d
082 _b22951
_a891.463 थ 88
100 _aकर्णिक हेमन्र.
245 _aदिग्विजय.
260 _bमनमोहिनी प्रकाशन,पुणे.
_c1988
300 _a164
_bभावे पुस्तक भांडार,पुणे
365 _b50
520 _aललित-कादंबरी.
630 _aदिग्विजय.
650 _aललित-कादंबरी.
730 _aदिग्विजय.
942 _cBOOK
999 _c772064
_d772061